| 000 | 00961nam a2200181 a 4500 | ||
|---|---|---|---|
| 008 | 130419s2004 ||||||||||||||||| || u | ||
| 020 | _a0130457965 | ||
| 050 | _aQA 303.2 Kos | ||
| 100 | _aKosmala, Witold A | ||
| 245 | 1 | 2 |
_aA Friendly introduction to analysis: single and multivariable. (2nd ed.) _cby Witold A.J. Kasmala |
| 260 |
_aUpper Saddle River, N.J.: _bPearson/Prentice Hall _c2004 |
||
| 300 | _axv,574p.: ill. | ||
| 650 | _aMATHEMATICAL ANALYSIS | ||
| 650 | 0 | _aCALCULUS | |
| 995 |
_aMAIN LIBRARY OPEN ACCESS _e743803 _FCBU-MAIN LIBRARY (Kitwe) _jQA 303.2 Kos _M3 _UAVAILABLE _WMay 16, 2013 _y743803 _ZMain Library Open Access Collection |
||
| 995 |
_aANNEX COLLECTION (Main Library) _e743802 _FCBU-MAIN LIBRARY (Kitwe) _jQA 303.2 Kos _M2 _UAVAILABLE _WMay 16, 2013 _y743802 _ZAnnex Low-Usage Collection |
||
| 995 |
_aMAIN LIBRARY OPEN ACCESS _e743801 _FCBU-MAIN LIBRARY (Kitwe) _jQA 303.2 Kos _M1 _UAVAILABLE _WMay 16, 2013 _y743801 _ZMain Library Open Access Collection |
||
| 999 |
_c63298 _d63298 |
||